[Event "Hastings Centenary Masters"]
[Site "Hastings"]
[Date "1995.08.23"]
[Round "5"]
[White "Atalik, Suat"]
[Black "Hebden, Mark L"]
[Result "1-0"]
[WhiteElo "2525"]
[BlackElo "2570"]
[PlyCount "97"]
[EventDate "1995.08.20"]
[EventType "swiss"]
[EventRounds "9"]
[EventCountry "ENG"]
[SourceTitle "BritBase"]
[Source "John Saunders"]
[SourceDate "2023.06.01"]
[SourceVersion "1"]
[SourceVersionDate "2023.06.01"]
[SourceQuality "1"]

1. d4 Nf6 2. c4 g6 3. Nc3 Bg7 4. e4 d6 5. f3 O-O 6. Be3 c5 7. Nge2 Nc6 8. d5
Ne5 9. Ng3 a6 10. f4 Neg4 11. Bd2 e5 12. dxe6 fxe6 13. Be2 h5 14. O-O b5 15. h3
Nh6 16. cxb5 axb5 17. Bxb5 h4 18. Nge2 d5 19. Be1 d4 20. Na4 Bd7 21. Bxd7 Nxd7
22. Rc1 Qe7 23. b3 g5 24. Bd2 Nf7 25. Qc2 gxf4 26. Nxf4 Nfe5 27. Nxc5 Nxc5 28.
Qxc5 Qxc5 29. Rxc5 Rxa2 30. Nxe6 Rxf1+ 31. Kxf1 Rxd2 32. Nxg7 Nd3 33. Rg5 Kf7
34. e5 Rf2+ 35. Kg1 Re2 36. e6+ Ke7 37. Rd5 Re1+ 38. Kh2 Nf2 39. g4 d3 40. Kg2
Re2 41. Kf1 Kf6 42. Nh5+ Ke7 43. Rxd3 Rb2 44. Re3 Nd1 45. Re1 Nf2 46. Nf4 Nxh3
47. Nxh3 Rxb3 48. Nf2 Rg3 49. Re4 1-0

[Event "Hastings Centenary Masters"]
[Site "Hastings"]
[Date "1995.08.23"]
[Round "5"]
[White "Connell, Blair N"]
[Black "Hunt, Harriet"]
[Result "0-1"]
[WhiteElo "2270"]
[BlackElo "2385"]
[PlyCount "88"]
[EventDate "1995.08.20"]
[EventType "swiss"]
[EventRounds "9"]
[EventCountry "ENG"]
[SourceTitle "BritBase"]
[Source "John Saunders"]
[SourceDate "2023.06.01"]
[SourceVersion "1"]
[SourceVersionDate "2023.06.01"]
[SourceQuality "1"]

1. e4 c6 2. d4 d5 3. exd5 cxd5 4. Bd3 Nc6 5. c3 Nf6 6. Bf4 Bg4 7. Qb3 Na5 8.
Qa4+ Bd7 9. Qc2 a6 10. Nf3 e6 11. Ne5 Bb5 12. Bxb5+ axb5 13. b4 Nc4 14. Nxc4
dxc4 15. a4 Nd5 16. Bg3 bxa4 17. Rxa4 b5 18. Rxa8 Qxa8 19. O-O Be7 20. Qb2 O-O
21. Nd2 Nb6 22. Ra1 Na4 23. Qc2 Qc6 24. Nf3 Ra8 25. Bh4 Bxh4 26. Nxh4 Nb6 27.
Qb1 Rxa1 28. Qxa1 Qe4 29. g3 Na4 30. Ng2 Qd3 31. Ne3 Qxc3 32. Qxc3 Nxc3 33. Kf1
Kf8 34. Ke1 Ke7 35. Kd2 Nd5 36. Nxd5+ exd5 37. Ke3 Ke6 38. Kf4 c3 39. Ke3 Kf5
40. f3 h5 41. h3 f6 42. h4 g5 43. g4+ hxg4 44. h5 g3 0-1

[Event "Hastings Centenary Masters"]
[Site "Hastings"]
[Date "1995.08.23"]
[Round "5"]
[White "Duncan, Christopher R"]
[Black "Bronstein, David I"]
[Result "1/2-1/2"]
[WhiteElo "2315"]
[BlackElo "2445"]
[PlyCount "55"]
[EventDate "1995.08.20"]
[EventType "swiss"]
[EventRounds "9"]
[EventCountry "ENG"]
[SourceTitle "BritBase"]
[Source "John Saunders"]
[SourceDate "2023.06.01"]
[SourceVersion "1"]
[SourceVersionDate "2023.06.01"]
[SourceQuality "1"]

1. c4 Nf6 2. Nc3 d6 3. g3 g6 4. Bg2 Bg7 5. Nf3 O-O 6. O-O e5 7. d3 Nc6 8. Rb1
h6 9. b4 a6 10. a4 a5 11. b5 Nb4 12. Ba3 c5 13. bxc6 bxc6 14. Bxb4 axb4 15.
Rxb4 Qa5 16. Qb3 Be6 17. Nd2 Rfc8 18. e3 Nd7 19. Rb1 d5 20. Qc2 Nc5 21. cxd5
cxd5 22. Nxd5 Qd8 23. Nb6 Nxd3 24. Nxc8 Nxb4 25. Qe4 Rxa4 26. Rxb4 Ra1+ 27. Nf1
Qxc8 28. Qc6 1/2-1/2

[Event "Hastings Centenary Masters"]
[Site "Hastings"]
[Date "1995.08.23"]
[Round "5"]
[White "Ferguson, Mark"]
[Black "McEwan, Ken B"]
[Result "1/2-1/2"]
[WhiteElo "2360"]
[BlackElo "2160"]
[PlyCount "78"]
[EventDate "1995.08.20"]
[EventType "swiss"]
[EventRounds "9"]
[EventCountry "ENG"]
[SourceTitle "BritBase"]
[Source "John Saunders"]
[SourceDate "2023.06.01"]
[SourceVersion "1"]
[SourceVersionDate "2023.06.01"]
[SourceQuality "1"]

1. e4 e5 2. Nc3 Nc6 3. Nf3 Nf6 4. Bb5 d6 5. d4 Bd7 6. O-O exd4 7. Nxd4 Nxd4 8.
Bxd7+ Qxd7 9. Qxd4 Be7 10. b3 O-O 11. Bb2 c6 12. Rad1 Qc7 13. Kh1 Rfd8 14. f4
Ne8 15. Qe3 Bf6 16. Rde1 Rd7 17. Qg3 Re7 18. a4 g6 19. Ba3 Bg7 20. Nb1 Rd7 21.
Nd2 a6 22. Qh3 b5 23. Nf3 c5 24. e5 dxe5 25. fxe5 Rd5 26. Ng5 h5 27. Nxf7 Qc6
28. Qf3 b4 29. Bc1 Nc7 30. Qe4 Rf8 31. Nh6+ Kh7 32. Rxf8 Bxf8 33. Nf7 Ne6 34.
h3 Bg7 35. Qf3 Qd7 36. Bf4 Kg8 37. Nh6+ Kh8 38. Nf7+ Kg8 39. Nh6+ Kh7 1/2-1/2

[Event "Hastings Centenary Masters"]
[Site "Hastings"]
[Date "1995.08.23"]
[Round "5"]
[White "Kennaugh, Charles W"]
[Black "Dutta, Shyamol"]
[Result "0-1"]
[WhiteElo "2310"]
[BlackElo "2110"]
[PlyCount "112"]
[EventDate "1995.08.20"]
[EventType "swiss"]
[EventRounds "9"]
[EventCountry "ENG"]
[SourceTitle "BritBase"]
[Source "John Saunders"]
[SourceDate "2023.06.01"]
[SourceVersion "1"]
[SourceVersionDate "2023.06.01"]
[SourceQuality "1"]

1. e4 c5 2. Nf3 d6 3. d4 cxd4 4. Nxd4 Nf6 5. Nc3 g6 6. Bc4 Bg7 7. h3 O-O 8. Bb3
a6 9. O-O b5 10. Re1 Bb7 11. Bg5 Nbd7 12. Qd2 Nc5 13. Bd5 Bxd5 14. Bxf6 Bxf6
15. Nxd5 Bxd4 16. Qxd4 Ne6 17. Qe3 Kg7 18. f4 Rc8 19. f5 Nc7 20. Nb6 Rb8 21. a4
Ne8 22. a5 Qc7 23. b4 Nf6 24. Rac1 Nd7 25. Qd4+ Kg8 26. Nd5 Qd8 27. c4 e6 28.
Ne3 Ne5 29. c5 Qg5 30. Kh1 Nc6 31. Qxd6 Rbc8 32. fxe6 Rfd8 33. exf7+ Kxf7 34.
Rf1+ Kg7 35. Qe6 Qxe3 36. Rf7+ Kh6 37. Rcf1 Qg5 38. R1f5 Nd4 39. Rxh7+ Kxh7 40.
Qf7+ Kh6 41. Rxg5 Kxg5 42. h4+ Kh6 43. g4 Rf8 44. Qd5 Nf3 45. Kg2 Rcd8 46. Qe6
Nxh4+ 47. Kg3 Nf3 48. Qe7 Rde8 49. Qd6 Ng5 50. Kg2 Nxe4 51. Qd4 Ng5 52. Qd1 Rf3
53. c6 Re4 54. Qh1+ Kg7 55. Qa1+ Kh7 56. Kh2 Rxg4 0-1

[Event "Hastings Centenary Masters"]
[Site "Hastings"]
[Date "1995.08.23"]
[Round "5"]
[White "Malaniuk, Vladimir P"]
[Black "Conquest, Stuart C"]
[Result "1/2-1/2"]
[WhiteElo "2580"]
[BlackElo "2455"]
[PlyCount "35"]
[EventDate "1995.08.20"]
[EventType "swiss"]
[EventRounds "9"]
[EventCountry "ENG"]
[SourceTitle "BritBase"]
[Source "John Saunders"]
[SourceDate "2023.06.01"]
[SourceVersion "1"]
[SourceVersionDate "2023.06.01"]
[SourceQuality "1"]

1. d4 Nf6 2. Nf3 d6 3. c4 g6 4. Nc3 Bg7 5. e4 O-O 6. h3 e5 7. d5 Na6 8. Bg5 Qe8
9. g4 Nc5 10. Nd2 a5 11. Rg1 Kh8 12. h4 Ng8 13. Be3 f5 14. f3 Nf6 15. g5 Nh5
16. Qc2 c6 17. O-O-O Bd7 18. Nb3 1/2-1/2

[Event "Hastings Centenary Masters"]
[Site "Hastings"]
[Date "1995.08.23"]
[Round "5"]
[White "McDonald, Neil R"]
[Black "Menadue, Jeremy FS"]
[Result "1/2-1/2"]
[WhiteElo "2425"]
[BlackElo "2255"]
[PlyCount "104"]
[EventDate "1995.08.20"]
[EventType "swiss"]
[EventRounds "9"]
[EventCountry "ENG"]
[SourceTitle "BritBase"]
[Source "John Saunders"]
[SourceDate "2023.06.01"]
[SourceVersion "1"]
[SourceVersionDate "2023.06.01"]
[SourceQuality "1"]

1. e4 Nf6 2. e5 Nd5 3. d4 d6 4. Nf3 Bg4 5. Be2 e6 6. O-O Be7 7. c4 Nb6 8. Nc3
O-O 9. Be3 a6 10. exd6 cxd6 11. c5 dxc5 12. dxc5 N6d7 13. Ne4 Qc7 14. Rc1 Nc6
15. Qc2 Bf5 16. Qa4 Rfd8 17. Rfd1 Bg6 18. Ned2 Qa5 19. Qxa5 Nxa5 20. b4 Nc6 21.
a3 Nde5 22. Nxe5 Nxe5 23. Nf3 Nd3 24. Bxd3 Bxd3 25. Nd4 Be4 26. f3 Bc6 27. Nxc6
bxc6 28. Bf4 Rd5 29. Bc7 Kf8 30. a4 Rc8 31. Bb6 Ke8 32. Kf2 Kd7 33. Ke2 Bf6 34.
Rc4 Ra8 35. Rf4 h5 36. Rd3 Rc8 37. Re4 Ra8 38. Kd2 Rc8 39. Kc2 Ra8 40. Ree3 Rc8
41. Kb3 Bg5 42. f4 Bxf4 43. Rxd5+ exd5 44. Rf3 Bxh2 45. Rxf7+ Ke6 46. Rxg7 Be5
47. Rg5 h4 48. b5 cxb5 49. axb5 axb5 50. Rg4 Bf6 51. Rf4 Rg8 52. Rf2 Rg4
1/2-1/2

[Event "Hastings Centenary Masters"]
[Site "Hastings"]
[Date "1995.08.23"]
[Round "5"]
[White "McKenna, Jason P"]
[Black "Chakraborty, Kumardip"]
[Result "1-0"]
[WhiteElo "2150"]
[BlackElo "1641"]
[PlyCount "115"]
[EventDate "1995.08.20"]
[EventType "swiss"]
[EventRounds "9"]
[EventCountry "ENG"]
[SourceTitle "BritBase"]
[Source "John Saunders"]
[SourceDate "2023.06.01"]
[SourceVersion "1"]
[SourceVersionDate "2023.06.01"]
[SourceQuality "1"]

1. e4 c5 2. Nf3 d6 3. Bb5+ Bd7 4. Bxd7+ Qxd7 5. O-O Nf6 6. Qe2 Nc6 7. c3 e6 8.
d4 cxd4 9. cxd4 Be7 10. Nc3 O-O 11. Rd1 Qc7 12. d5 exd5 13. exd5 Nb4 14. a3 Na6
15. Bg5 Rfe8 16. Rac1 Qb8 17. Qc2 h6 18. Bf4 Qd8 19. Nd4 Qd7 20. Qf5 Qd8 21.
Rd3 Qc8 22. Ncb5 Nc5 23. Rdd1 a6 24. Nxd6 Bxd6 25. Bxd6 Qxf5 26. Nxf5 Na4 27.
b3 Nb6 28. Ne3 Ne4 29. Bc7 Nd7 30. f3 Nef6 31. Kf2 Kh7 32. a4 Rac8 33. Nf5 Rf8
34. Nd6 Ra8 35. a5 Kg6 36. Nxb7 Ra7 37. Nd6 Raa8 38. b4 Ra7 39. Rd2 Ne5 40. Rc3
Rxc7 41. Rxc7 Rd8 42. Re7 Neg4+ 43. fxg4 Rxd6 44. Kg3 h5 45. gxh5+ Nxh5+ 46.
Kf3 Nf6 47. Re5 Nd7 48. Re8 Nf6 49. Rb8 Nxd5 50. Rb6 Rxb6 51. axb6 Nxb4 52. b7
Nc6 53. Rd6+ f6 54. Rxc6 a5 55. b8=Q a4 56. Kg4 a3 57. Qe8+ Kh7 58. Qh5+ 1-0

[Event "Hastings Centenary Masters"]
[Site "Hastings"]
[Date "1995.08.23"]
[Round "5"]
[White "O'Brien, Richard W"]
[Black "Roberts, Paul E"]
[Result "1/2-1/2"]
[WhiteElo "2100"]
[BlackElo "2215"]
[PlyCount "87"]
[EventDate "1995.08.20"]
[EventType "swiss"]
[EventRounds "9"]
[EventCountry "ENG"]
[SourceTitle "BritBase"]
[Source "John Saunders"]
[SourceDate "2023.06.01"]
[SourceVersion "1"]
[SourceVersionDate "2023.06.01"]
[SourceQuality "1"]

1. d4 f5 2. c4 Nf6 3. Nc3 e6 4. Nf3 d5 5. cxd5 exd5 6. Bg5 c6 7. e3 Bd6 8. Bd3
O-O 9. Qc2 Qe8 10. O-O-O a5 11. Bxf6 Rxf6 12. Ne5 Na6 13. Bxa6 Rxa6 14. f4 b5
15. Kb1 Be6 16. Qe2 a4 17. Rc1 Qa8 18. Nd3 b4 19. Nd1 Ra5 20. h3 Rf8 21. N1f2
Qa6 22. Rhe1 Qb6 23. Ne5 Bxe5 24. fxe5 f4 25. Nd3 Bf5 26. Ka1 Bxd3 27. Qxd3 c5
28. dxc5 Rxc5 29. exf4 Rxf4 30. Kb1 Rd4 31. Qf5 Qg6 32. g4 Rdc4 33. Rcd1 d4 34.
Re4 Qc6 35. Ree1 a3 36. Rf1 Qe8 37. Rde1 axb2 38. Kxb2 Rc3 39. Qe4 R5c4 40.
Qd5+ Kh8 41. Qd6 Rc8 42. e6 Ra8 43. Kb1 Qg6+ 44. Rf5 1/2-1/2

[Event "Hastings Centenary Masters"]
[Site "Hastings"]
[Date "1995.08.23"]
[Round "5"]
[White "Parker, Jonathan"]
[Black "Khan, Kalimullah"]
[Result "1-0"]
[WhiteElo "2415"]
[BlackElo "2235"]
[PlyCount "67"]
[EventDate "1995.08.20"]
[EventType "swiss"]
[EventRounds "9"]
[EventCountry "ENG"]
[SourceTitle "BritBase"]
[Source "John Saunders"]
[SourceDate "2023.06.01"]
[SourceVersion "1"]
[SourceVersionDate "2023.06.01"]
[SourceQuality "1"]

1. d4 d5 2. c4 dxc4 3. Nf3 Bf5 4. Nc3 Nf6 5. e3 e6 6. Bxc4 c6 7. O-O Nbd7 8.
Re1 Bb4 9. a3 Bxc3 10. bxc3 O-O 11. h3 Ne4 12. Bb2 b5 13. Bd3 Nb6 14. Qc2 Nd6
15. e4 Bg6 16. Ne5 Rc8 17. Bc1 c5 18. dxc5 Rxc5 19. Nxg6 hxg6 20. Be3 Rc6 21.
e5 Ndc4 22. Bd4 a6 23. Re4 Na4 24. Rg4 Ncb6 25. Qd2 Nd5 26. h4 Ndxc3 27. h5 Nd5
28. hxg6 fxg6 29. Bxg6 Ne7 30. Be4 Rc4 31. Rxg7+ Kxg7 32. Qg5+ Kf7 33. Qh5+ Ng6
34. Qh7+ 1-0

[Event "Hastings Centenary Masters"]
[Site "Hastings"]
[Date "1995.08.23"]
[Round "5"]
[White "Radovanovic, Jovica"]
[Black "Ward, Christopher G"]
[Result "0-1"]
[WhiteElo "2280"]
[BlackElo "2500"]
[PlyCount "68"]
[EventDate "1995.08.20"]
[EventType "swiss"]
[EventRounds "9"]
[EventCountry "ENG"]
[SourceTitle "BritBase"]
[Source "John Saunders"]
[SourceDate "2023.06.01"]
[SourceVersion "1"]
[SourceVersionDate "2023.06.01"]
[SourceQuality "1"]

1. d4 Nf6 2. c4 e6 3. Nc3 Bb4 4. e3 b6 5. Bd3 Bb7 6. Nge2 Bxg2 7. Rg1 Be4 8. a3
Bxd3 9. Qxd3 Bf8 10. e4 d6 11. Bg5 Nbd7 12. O-O-O Be7 13. Qh3 g6 14. Be3 Qc8
15. f4 Qa6 16. e5 Nh5 17. d5 exd5 18. Nxd5 Qxc4+ 19. Nec3 f5 20. exf6 Ndxf6 21.
f5 Nxd5 22. Rxd5 Nf4 23. Bxf4 Qxf4+ 24. Kb1 Qh4 25. Qd3 O-O 26. fxg6 h6 27. g7
Rf7 28. Rd4 Qf2 29. Qd1 Bf6 30. Rd2 Qf5+ 31. Ka1 Bxc3 32. bxc3 Re8 33. Qb3 Qe6
34. Qc2 Qe3 0-1

[Event "Hastings Centenary Masters"]
[Site "Hastings"]
[Date "1995.08.23"]
[Round "5"]
[White "Rashkovsky, Nukhim N"]
[Black "Dive, Russell John"]
[Result "1-0"]
[WhiteElo "2560"]
[BlackElo "2315"]
[PlyCount "63"]
[EventDate "1995.08.20"]
[EventType "swiss"]
[EventRounds "9"]
[EventCountry "ENG"]
[SourceTitle "BritBase"]
[Source "John Saunders"]
[SourceDate "2023.06.01"]
[SourceVersion "1"]
[SourceVersionDate "2023.06.01"]
[SourceQuality "1"]

1. d4 Nf6 2. Nf3 e6 3. g3 b6 4. Bg2 Bb7 5. O-O Be7 6. c4 d5 7. Ne5 O-O 8. Nc3
Na6 9. b3 c5 10. Bb2 Nc7 11. Rc1 Rc8 12. e3 Bd6 13. Qe2 Qe7 14. Rfd1 Rfd8 15.
h4 h6 16. f4 Ba8 17. g4 Nfe8 18. g5 hxg5 19. hxg5 g6 20. Ng4 cxd4 21. Rxd4 e5
22. fxe5 Bc5 23. Nh6+ Kg7 24. Rf1 Bxd4 25. exd4 Qxg5 26. Nxf7 Qe7 27. Qe3 Qxf7
28. Rxf7+ Kxf7 29. cxd5 Ng7 30. e6+ Kg8 31. Qe5 Nce8 32. Be4 1-0

[Event "Hastings Centenary Masters"]
[Site "Hastings"]
[Date "1995.08.23"]
[Round "5"]
[White "Steffens, Olaf"]
[Black "Van Zyil Smit, Konrad"]
[Result "1-0"]
[WhiteElo "2330"]
[BlackElo "2100"]
[PlyCount "63"]
[EventDate "1995.08.20"]
[EventType "swiss"]
[EventRounds "9"]
[EventCountry "ENG"]
[SourceTitle "BritBase"]
[Source "John Saunders"]
[SourceDate "2023.06.01"]
[SourceVersion "1"]
[SourceVersionDate "2023.06.01"]
[SourceQuality "1"]

1. Nf3 Nf6 2. b4 e6 3. a3 d5 4. e3 c5 5. b5 a6 6. bxa6 bxa6 7. c4 Nc6 8. Be2
Be7 9. O-O O-O 10. Qc2 d4 11. exd4 cxd4 12. d3 e5 13. Nbd2 Be6 14. Re1 Nd7 15.
Bf1 Qc7 16. g3 f5 17. Nb3 Nc5 18. Nxc5 Bxc5 19. Ng5 Bc8 20. Bg2 h6 21. Bd5+ Kh8
22. Qe2 Rf6 23. Qh5 Bb7 24. Rb1 Rb8 25. Ne6 Qe7 26. Bg5 Ba7 27. Bxf6 Qxf6 28.
Rxb7 Rxb7 29. Qe8+ Kh7 30. Nf8+ Kh8 31. Ng6+ Kh7 32. Bg8# 1-0

[Event "Hastings Centenary Masters"]
[Site "Hastings"]
[Date "1995.08.23"]
[Round "5"]
[White "Trifunovic, Aleksandar"]
[Black "Poldauf, Dirk"]
[Result "0-1"]
[WhiteElo "2230"]
[BlackElo "2415"]
[PlyCount "78"]
[EventDate "1995.08.20"]
[EventType "swiss"]
[EventRounds "9"]
[EventCountry "ENG"]
[SourceTitle "BritBase"]
[Source "John Saunders"]
[SourceDate "2023.06.01"]
[SourceVersion "1"]
[SourceVersionDate "2023.06.01"]
[SourceQuality "1"]

1. d4 Nf6 2. Nf3 g6 3. g3 Bg7 4. Bg2 O-O 5. c4 d6 6. Nc3 Nbd7 7. O-O e5 8. e4
exd4 9. Nxd4 Re8 10. h3 Nc5 11. Re1 a5 12. Qc2 a4 13. Be3 c6 14. Rab1 Qe7 15.
b4 axb3 16. axb3 Bd7 17. f3 Nh5 18. b4 Na6 19. Qf2 f5 20. exf5 gxf5 21. f4 Nxb4
22. Rxb4 Bxd4 23. Bxd4 Qxe1+ 24. Qxe1 Rxe1+ 25. Kf2 c5 26. Bd5+ Kf8 27. Bxc5
dxc5 28. Rxb7 Re7 29. Rxd7 Rxd7 30. Bxa8 Rd2+ 31. Ne2 Nxg3 32. Kxg3 Rxe2 33.
Bd5 Re3+ 34. Kg2 Ke7 35. Bg8 Kf6 36. Bd5 Kg6 37. Bf3 Rd3 38. Bd5 Rxd5 39. cxd5
Kf6 0-1

[Event "Hastings Centenary Masters"]
[Site "Hastings"]
[Date "1995.08.23"]
[Round "5"]
[White "Williams, Simon Kim"]
[Black "Cooper, Lawrence"]
[Result "0-1"]
[WhiteElo "2250"]
[BlackElo "2315"]
[PlyCount "110"]
[EventDate "1995.08.20"]
[EventType "swiss"]
[EventRounds "9"]
[EventCountry "ENG"]
[SourceTitle "BritBase"]
[Source "John Saunders"]
[SourceDate "2023.06.01"]
[SourceVersion "1"]
[SourceVersionDate "2023.06.01"]
[SourceQuality "1"]

1. c4 Nf6 2. Nc3 d5 3. cxd5 Nxd5 4. g3 e5 5. Bg2 Nb6 6. Nf3 Nc6 7. O-O Be7 8.
Rb1 a5 9. d4 exd4 10. Nb5 O-O 11. Nfxd4 Nxd4 12. Nxd4 c6 13. e4 Bf6 14. Nc2
Qxd1 15. Rxd1 Na4 16. Nd4 Rd8 17. Be3 Bg4 18. f3 Be6 19. Nxe6 fxe6 20. Rxd8+
Rxd8 21. Bf4 Bxb2 22. Bc7 Rd2 23. Bxa5 Bd4+ 24. Kh1 Rxa2 25. Bh3 Nc5 26. Bb6
Kf7 27. e5 Nb3 28. Rxb3 Ra1+ 29. Bf1 Rxf1+ 30. Kg2 Rf2+ 31. Kh3 Rb2 32. Rxb2
Bxb2 33. f4 Ba3 34. Kg4 g6 35. Kf3 h5 36. h3 Ke7 37. Ke4 Kd7 38. g4 hxg4 39.
hxg4 c5 40. f5 gxf5+ 41. gxf5 exf5+ 42. Kxf5 c4 43. e6+ Kc6 44. Ba5 b5 45. Kf6
Bc5 46. Bd2 b4 47. Kf7 c3 48. Be3 c2 49. e7 Bxe7 50. Kxe7 Kd5 51. Bc1 Kc4 52.
Kd6 Kc3 53. Bf4 b3 54. Kc5 b2 55. Be5+ Kb3 0-1

[Event "Hastings Centenary Masters"]
[Site "Hastings"]
[Date "1995.08.23"]
[Round "5"]
[White "Wilson, Jonathan G"]
[Black "Costello, Colin A"]
[Result "1/2-1/2"]
[WhiteElo "2245"]
[BlackElo "2115"]
[PlyCount "80"]
[EventDate "1995.08.20"]
[EventType "swiss"]
[EventRounds "9"]
[EventCountry "ENG"]
[SourceTitle "BritBase"]
[Source "John Saunders"]
[SourceDate "2023.06.01"]
[SourceVersion "1"]
[SourceVersionDate "2023.06.01"]
[SourceQuality "1"]

1. d4 d5 2. c4 e6 3. Nc3 Nf6 4. cxd5 exd5 5. Bg5 Be7 6. e3 O-O 7. Bd3 Nbd7 8.
Qc2 Re8 9. Nge2 Nf8 10. O-O c6 11. f3 Nh5 12. Bxe7 Qxe7 13. e4 Be6 14. e5 g6
15. f4 Ng7 16. Ng3 f5 17. Na4 Nd7 18. Rac1 Bf7 19. Ne2 Ne6 20. Nac3 Ndf8 21.
Nd1 Qb4 22. Qc3 Qb6 23. Ne3 h5 24. b4 a6 25. a4 Qd8 26. Rb1 Rc8 27. Rfc1 Qd7
28. Qe1 Ng7 29. h3 Be6 30. b5 axb5 31. axb5 Qe7 32. bxc6 bxc6 33. Ba6 Rc7 34.
Qb4 Qxb4 35. Rxb4 Nd7 36. Rb7 Rec8 37. Ra7 Rxa7 38. Bxc8 Nb8 39. Bxe6+ Nxe6 40.
g4 hxg4 1/2-1/2

[Event "Hastings Centenary Masters"]
[Site "Hastings"]
[Date "1995.08.23"]
[Round "5"]
[White "Cafferty, Bernard"]
[Black "Ashby, Anthony C"]
[Result "0-1"]
[WhiteElo "2260"]
[BlackElo "2090"]
[PlyCount "106"]
[EventDate "1995.08.20"]
[EventType "swiss"]
[EventRounds "9"]
[EventCountry "ENG"]
[SourceTitle "BritBase"]
[Source "John Saunders"]
[SourceDate "2023.06.01"]
[SourceVersion "1"]
[SourceVersionDate "2023.06.01"]
[SourceQuality "1"]

1. c4 c5 2. Nf3 Nc6 3. Nc3 g6 4. e3 Bg7 5. d4 cxd4 6. exd4 d6 7. h3 Nf6 8. d5
Nb8 9. Be2 O-O 10. O-O b6 11. Re1 Bb7 12. Be3 Re8 13. Qd2 Na6 14. Rad1 Rc8 15.
Nd4 Nc5 16. Qc2 a6 17. b4 Ncd7 18. Qb3 Rc7 19. Nf3 Qa8 20. Bd4 Bf8 21. Qb2 Rec8
22. Na4 Rxc4 23. Bxc4 Rxc4 24. Nd2 Rc8 25. Nxb6 Nxb6 26. Bxb6 Nxd5 27. Bd4 Nf4
28. f3 Nd3 29. Qb1 Nxe1 30. Rxe1 Bd5 31. Nf1 Be6 32. Ne3 Qc6 33. Qb2 Qa4 34. a3
h5 35. f4 Bh6 36. f5 Bxe3+ 37. Rxe3 Qd1+ 38. Kh2 Rc2 39. Qa1 Qd2 40. Qg1 Qxd4
41. fxe6 fxe6 42. Rxe6 Qxg1+ 43. Kxg1 Kf7 44. Re3 e5 45. Kf1 h4 46. g3 hxg3 47.
Rxg3 d5 48. Ke1 Kf6 49. Kd1 Ra2 50. Kc1 e4 51. Kb1 Rf2 52. Kc1 d4 53. a4 e3 0-1

[Event "Hastings Centenary Masters"]
[Site "Hastings"]
[Date "1995.08.24"]
[Round "6"]
[White "Ashby, Anthony C"]
[Black "Tebb, David J"]
[Result "1/2-1/2"]
[WhiteElo "2090"]
[BlackElo "2315"]
[PlyCount "34"]
[EventDate "1995.08.20"]
[EventType "swiss"]
[EventRounds "9"]
[EventCountry "ENG"]
[SourceTitle "BritBase"]
[Source "John Saunders"]
[SourceDate "2023.06.01"]
[SourceVersion "1"]
[SourceVersionDate "2023.06.01"]
[SourceQuality "1"]

1. e4 e5 2. d4 exd4 3. Qxd4 Nc6 4. Qe3 Nf6 5. Nc3 Nb4 6. Bd3 d5 7. exd5+ Qe7 8.
Nge2 Qxe3 9. Bxe3 Nfxd5 10. Nxd5 Nxd5 11. Bd2 Nb4 12. Be4 f5 13. a3 Na6 14. Bf3
Be7 15. O-O c6 16. Bc3 O-O 17. Rfe1 Kf7 1/2-1/2

[Event "Hastings Centenary Masters"]
[Site "Hastings"]
[Date "1995.08.24"]
[Round "6"]
[White "Conquest, Stuart C"]
[Black "Arkell, Keith C"]
[Result "1/2-1/2"]
[WhiteElo "2455"]
[BlackElo "2505"]
[PlyCount "84"]
[EventDate "1995.08.20"]
[EventType "swiss"]
[EventRounds "9"]
[EventCountry "ENG"]
[SourceTitle "BritBase"]
[Source "John Saunders"]
[SourceDate "2023.06.01"]
[SourceVersion "1"]
[SourceVersionDate "2023.06.01"]
[SourceQuality "1"]

1. g3 g6 2. Bg2 Bg7 3. e4 c5 4. d3 Nc6 5. Nc3 e6 6. Be3 Nd4 7. Qd2 Qa5 8. Nh3
Ne7 9. O-O O-O 10. Nd5 Qd8 11. Nxe7+ Qxe7 12. f4 d5 13. c3 Nc6 14. e5 b6 15. g4
Ba6 16. Rae1 Rac8 17. Bf2 Qd7 18. Bg3 f6 19. exf6 Bxf6 20. Nf2 Rce8 21. Re2 b5
22. Rfe1 b4 23. g5 bxc3 24. bxc3 Bg7 25. Bh3 Nd8 26. Ng4 Qb5 27. Rd1 Nc6 28.
Qe1 Bc8 29. Nh6+ Bxh6 30. gxh6 Nd8 31. c4 Qc6 32. Bg2 Bb7 33. f5 Rxf5 34. cxd5
Qc8 35. Qc3 Qd7 36. dxe6 Rxe6 37. Rxe6 Nxe6 38. Re1 Bxg2 39. Rxe6 Bh3 40. Re1
Qd4+ 41. Qxd4 cxd4 42. Be5 Rg5+ 1/2-1/2

[Event "Hastings Centenary Masters"]
[Site "Hastings"]
[Date "1995.08.24"]
[Round "6"]
[White "Costello, Colin A"]
[Black "Wood, David A"]
[Result "0-1"]
[WhiteElo "2115"]
[BlackElo "2285"]
[PlyCount "80"]
[EventDate "1995.08.20"]
[EventType "swiss"]
[EventRounds "9"]
[EventCountry "ENG"]
[SourceTitle "BritBase"]
[Source "John Saunders"]
[SourceDate "2023.06.01"]
[SourceVersion "1"]
[SourceVersionDate "2023.06.01"]
[SourceQuality "1"]

1. c4 e5 2. Nc3 Nc6 3. g3 g6 4. Bg2 Bg7 5. Nf3 d6 6. O-O f5 7. d3 Nf6 8. Rb1 a5
9. a3 O-O 10. b4 axb4 11. axb4 h6 12. b5 Ne7 13. Bb2 Be6 14. Ra1 Rb8 15. Ra7
Nc8 16. Ra3 g5 17. Qa1 Nd7 18. Nd2 Ncb6 19. Nd5 Bxd5 20. cxd5 Nc5 21. f4 Qe7
22. fxe5 dxe5 23. Rc1 Ra8 24. Nf3 Nb3 25. d6 Qf7 26. Rxa8 Nxa8 27. dxc7 Nxc1
28. Qxc1 Qxc7 29. Qxc7 Nxc7 30. Nxe5 Nxb5 31. Bd5+ Kh7 32. Bxb7 Nd6 33. Bd5 Rb8
34. Bc3 Re8 35. d4 Nb5 36. Bf7 Rxe5 37. dxe5 Nxc3 38. e6 Bf6 39. h4 gxh4 40.
gxh4 Bxh4 0-1

[Event "Hastings Centenary Masters"]
[Site "Hastings"]
[Date "1995.08.24"]
[Round "6"]
[White "Dutta, Shyamol"]
[Black "Britton, Richard L"]
[Result "0-1"]
[WhiteElo "2110"]
[BlackElo "2320"]
[PlyCount "66"]
[EventDate "1995.08.20"]
[EventType "swiss"]
[EventRounds "9"]
[EventCountry "ENG"]
[SourceTitle "BritBase"]
[Source "John Saunders"]
[SourceDate "2023.06.01"]
[SourceVersion "1"]
[SourceVersionDate "2023.06.01"]
[SourceQuality "1"]

1. e4 c5 2. Nf3 d6 3. d4 cxd4 4. Nxd4 Nf6 5. Nc3 a6 6. Bg5 e6 7. f4 Be7 8. Qf3
Qc7 9. O-O-O Nbd7 10. g4 b5 11. Bxf6 Bxf6 12. Bxb5 Rb8 13. Bxd7+ Bxd7 14. Qd3
Rb6 15. g5 Be7 16. h4 O-O 17. f5 Rfb8 18. f6 Bf8 19. h5 d5 20. exd5 Rxb2 21.
dxe6 Ba3 22. exf7+ Kh8 23. fxg7+ Kxg7 24. Ne6+ Bxe6 25. Qd4+ Kxf7 26. Qf6+ Kg8
27. Qxe6+ Qf7 28. Qxf7+ Kxf7 29. Rhf1+ Kg8 30. Rf3 Rxa2+ 31. Kd2 Bb4 32. Kd3
Bxc3 33. Kxc3 Ra3+ 0-1